| 000 | 00000nam##2200000za#4500 |
| 001 | 9.574118 |
| 003 | CaOODSP |
| 005 | 20210624184028 |
| 007 | cr ||||||||||| |
| 008 | 150406|2004||||xxc|||||o f|0| 0 eng|d |
| 022 | |a1488-5379 |
| 040 | |aCaOODSP|beng |
| 043 | |an-cn--- |
| 086 | 1 |aFs97-6/2535E-PDF |
| 110 | 1 |aCanada. |bDepartment of Fisheries and Oceans. |bPacific Region. |
| 245 | 10|aSummary of non-halibut catch from the standardized stock assessment survey conducted by the International Pacific Halibut Commission in British Columbia from May 27 to August 11, 2003 / |h[electronic resource]|cby K.L. Yamanaka, J.K. Lochead, and C. Dykstra. |
| 260 | |aNanaimo - British Columbia : |bFisheries and Oceans Canada. |cc2004. |
| 300 | |a59p.|bgraphs, maps, references, tables |
| 490 | 1 |aCanadian technical report of fisheries and aquatic sciences|x1488-5379|vNo. 2535 |
| 500 | |aThe catalogue number (Fs97-6/2535E) and ISSN (0706-6457) for the print edition have been incorrectly copied in this electronic publication. |
| 546 | |a(Résumé en français) |
| 590 | |a12-23-Supp|b2012-05-28 |
| 720 | 1 |aDykstra, C. |
| 720 | 1 |aYamanaka, K. L. |
| 720 | 1 |aLochead, J. K. |
| 776 | 0#|tSummary of non-halibut catch from the standardized stock assessment survey conducted by the International Pacific Halibut Commission in British Columbia from May 27 to August 11, 2003 / |w(CaOODSP)9.617100 |
| 830 | #0|aCanadian technical report of fisheries and aquatic sciences,|x1488-5379|vNo. 2535|w(CaOODSP)9.504449 |
| 856 | 40|ahttp://publications.gc.ca|qPDF|s1.29 MB|uhttps://publications.gc.ca/collections/collection_2012/mpo-dfo/Fs97-6-2535-eng.pdf|yNo. 2535 |